000 00771nam a2200205 i 4500
001 180618
003 ES-MaACL
005 20230906221139.0
008 120619s1976 sp a |||| | spa d
080 _a577.112.82(043.2)
100 1 _aUnzeta López, Mercedes.
_9150630
245 1 0 _aCaracterización de proteinas nucleares básicas de esperma de invertebrados marinos... /
_cMercedes Unzeta López.
260 _aBarcelona :
_bUniversidad, Secretariado de Publicaciones, Intercambio Científico y Extensión Universitaria,
_c1976.
300 _a19p. :
_bil. ;
_c24 cm.
502 _aTesis Univ. Barcelona (Extracto)
504 _aBibliografía.
650 4 _aProteínas.
_9147103
710 2 _aUniversidad de Barcelona.
_97141
852 _aES-MaACL
_jE-15362(157)
999 _c180618
_d180618